| Tag |
First Indicator |
Second Indicator |
Subfields |
| LEADER |
00000cam a22000008a 4500 |
| 001 |
in00001243539 |
| 005 |
20151003070959.0 |
| 008 |
950124s1995 nyu 000 0 eng |
| 010 |
|
|
|a 95001019
|
| 020 |
|
|
|a 094032203X
|
| 035 |
|
|
|a (OCoLC)31971411
|
| 035 |
|
|
|9 AGT3277AM
|
| 040 |
|
|
|a DLC
|c DLC
|d TXA
|d UtOrBLW
|
| 049 |
|
|
|a TXAM
|
| 050 |
0 |
0 |
|a R133.6
|b .H53 1995
|
| 082 |
0 |
0 |
|a 610/.9
|2 20
|
| 245 |
0 |
0 |
|a Hidden histories of science /
|c edited by Robert B. Silvers.
|
| 250 |
|
|
|a 1st ed.
|
| 263 |
|
|
|a 9505
|
| 264 |
|
1 |
|a New York, NY :
|b New York Review of Books,
|c [1995]
|
| 264 |
|
4 |
|c ©1995
|
| 300 |
|
|
|a 193 pages :
|b illustrations
|
| 336 |
|
|
|a text
|b txt
|2 rdacontent
|
| 337 |
|
|
|a unmediated
|b n
|2 rdamedia
|
| 338 |
|
|
|a volume
|b nc
|2 rdacarrier
|
| 504 |
|
|
|a Includes bibliogrphical references.
|
| 650 |
|
0 |
|a Medicine
|x History.
|
| 650 |
|
0 |
|a Science
|x History.
|
| 650 |
|
0 |
|a Medical sciences
|x History.
|
| 700 |
1 |
|
|a Silvers, Robert B.
|
| 999 |
|
|
|a MARS
|
| 999 |
f |
f |
|s c956d843-2163-3c12-a649-30227177b914
|i 24ed9d36-02e9-3917-9096-8ab326930690
|t 0
|
| 952 |
f |
f |
|p ric
|a Texas A&M University
|b Rellis Campus
|c Joint Library Facility
|d Remote Storage
|t 0
|e R133.6 .H53 1995
|h Library of Congress classification
|i unmediated -- volume
|m A14819255449
|
| 998 |
f |
f |
|a R133.6 .H53 1995
|t 0
|l Remote Storage
|